Rara la lola sana

En la presente memoria se intenta rescatar parte del proceso creativo de cinco composiciones, las cuales constituyeron el examen de egreso, para optar al grado de Licenciada en Danza Mención Coreografía. Dadas las características de este formato, que evalúa parceladamente cada composición, que se ha...

Descripción completa

Detalles Bibliográficos
Autor principal: Montecinos Oliva, Paula
Otros Autores: Duran Zíñiga, Javiera (profesor guía), Bunster Briceño, Patricio (profesor guía)
Formato: Tesis
Lenguaje:español
Publicado: Santiago, Chile: Universidad Academia de Humanismo Cristiano, 2007.
Materias:

MARC

LEADER 00000nmm a22000007a 4500
001 043550
003 UAHC_CL
005 20250519112455.0
008 080115s2007 cl o 000 spa
040 |a UAHC_CL  |c UAHC_CL  |d UAHC_CL 
100 1 |a Montecinos Oliva, Paula 
245 1 0 |a Rara la lola sana  |c Paula Montecinos Oliva ; Patricio Bunster Briceño , Javiera Durán Zúñiga. 
260 |a Santiago, Chile:  |b Universidad Academia de Humanismo Cristiano,  |c 2007. 
300 |a 137 páginas.  
500 |a Tesis para optar al título de Profesor de Danza y al grado de Licenciado en Danza. 
502 |a Tesis (Pedagogía en Danza) -- Universidad Academia de Humanismo Cristiano, 2007. 
516 |a Tesis electrónica (PDF). Solicitar envío de documento a biblioteca@academia.cl.  
520 |a En la presente memoria se intenta rescatar parte del proceso creativo de cinco composiciones, las cuales constituyeron el examen de egreso, para optar al grado de Licenciada en Danza Mención Coreografía. Dadas las características de este formato, que evalúa parceladamente cada composición, que se hace imposible profundizar en una única problemática dancística, por lo tanto, definir un eje central que conjugue el total de reflexiones surgidas en este proceso, resulta inviable. Así, este texto, se remite a describir las etapas de creación, antecedentes, referencias, motivaciones y plan de producción, que fueron parte de la realización de este conjunto de piezas coreográficas. 
653 |a Danza 
700 1 |a Duran Zíñiga, Javiera  |e profesor guía 
700 1 |a Bunster Briceño, Patricio  |e profesor guía 
900 |a TDAN 13 
942 |c TS 
952 |0 0  |1 0  |4 0  |6 TDAN_13_000000000000000  |7 0  |8 BAS  |9 81109  |a BS  |b BS  |c Digital  |d 2017-08-03  |l 0  |o TDAN 13  |r 2019-12-02 00:00:00  |w 2017-08-03  |y TS  |z Documento en PDF 
999 |c 43550  |d 43550